Crisis financieras de Mx̌ico y el mundo un enfoque de administracin̤ de riesgos /

Bibliographic Details
Main Author: Nę︢z Mora, Jos ̌Antonio
Other Authors: Tirado Zavala, Miguel ℓngel
Format: eBook
Language:Spanish
Published: Mx̌ico D.F.: Plaza y Valdš Editores, 2013
Subjects:
Online Access:Accesor estringido

MARC

LEADER 00000nam a22000007a 4500
005 20130916162414.0
007 cr|||| ||||
008 130916s2013 mx |||||s|||| 00||0 spa d
020 |a 978-607-482-549-1 
035 |a 11470 
040 |a vLex 
090 |c 4485  |d 4485 
100 1 |a Nę︢z Mora, Jos ̌Antonio 
245 1 0 |a Crisis financieras de Mx̌ico y el mundo  |h [Recurso electrn̤ico] :  |b un enfoque de administracin̤ de riesgos /  |c Jos ̌Antonio Nę︢z Mora, Miguel ℓngel Tirado Zavala  
256 |a Servicio en ln̕ea 
260 |a Mx̌ico D.F.:  |b Plaza y Valdš Editores,  |c 2013 
300 |a 1 recurso electrn̤ico 
506 |a Contenido solo disponible en los productos indicados  |d vLex Global  |d vLex Global (Academic Edition, excluding Law Schools)  |d vLex Global (U.S. Academic Edition, Law Schools)  |d vLex Global (U.S. Academic Edition, excluding Law Schools)  |d vLex Global (Academic Edition, Law Schools) 
650 0 4 |a Crisis financieras  |z Mx̌ico 
700 1 |a Tirado Zavala, Miguel ℓngel 
740 0 |a vLex Libros (Servicio en ln̕ea) 
856 4 0 |u http://vlex.com/source/crisis-financieras-mexico-mundo-enfoque-administracion-riesgos-11470  |z Accesor estringido 
942 |c BOOK 
999 0 |a Financial crises